| 000 | 00598nam a2200205Ia 4500 | ||
|---|---|---|---|
| 003 | GCL | ||
| 008 | 140319s9999 xx 000 0 ara d | ||
| 020 | _a1702261977 | ||
| 040 |
_aGCL / _cGCL |
||
| 082 | 0 | 4 |
_aط _b793.73 _bم د |
| 100 | 1 | _aمحمد امام | |
| 245 | 1 | 0 |
_aدنيا التسالى / _cمحمد امام |
| 700 | 1 | _aتوفيق فاروق | |
| 260 |
_aالقاهرة : _bدار اخبار اليوم ، _c1999 |
||
| 300 |
_a6 مج: _bايض ؛ _c15 سم |
||
| 650 | 0 | 4 | _aالاطفال |
| 650 | 0 | 4 | _aالالعاب الترفهية |
| 650 | 0 | 4 | _aالالغاز |
| 942 |
_2ddc _cBK |
||
| 999 |
_c9164 _d9164 |
||